|
|
|
|
| LEADER |
01206nam a22003017a 4500 |
| 001 |
35672 |
| 003 |
BD-DhAAL |
| 005 |
20211205154335.0 |
| 008 |
191208t2002 nyu||||| |||| 00| j eng d |
| 999 |
|
|
|c 42016
|d 42016
|
| 020 |
|
|
|a 9780618131730
|
| 020 |
|
|
|a 0618131736
|
| 040 |
|
|
|a BD-DhAAL
|
| 082 |
|
|
|a 813.0108
|
| 245 |
|
|
|a The best American short stories, 2002 :
|b selected from U.S. and Canadian magazines /
|c Sue Miller with Katrina Kenison ; with an introduction by Sue Miller.
|
| 260 |
|
|
|a Boston :
|b Houghton Mifflin,
|c 2002.
|
| 300 |
|
|
|a xviii, 375 pages ;
|c 21 cm.
|
| 490 |
|
|
|a Best American series.
|
| 526 |
|
|
|a BIED
|
| 541 |
|
|
|a Complimentary copy from BIED
|e 35672
|
| 650 |
|
|
|a Short stories, American.
|9 38091
|
| 650 |
|
|
|a Short stories, Canadian.
|9 38092
|
| 650 |
|
|
|a American fiction
|y 21st century.
|9 38093
|
| 700 |
|
|
|a Kenison, Katrina
|9 38094
|
| 700 |
|
|
|a Miller, Sue
|9 38095
|
| 852 |
|
|
|a Ayesha Abed Library
|c BIED Collection
|
| 942 |
|
|
|2 ddc
|c BK
|
| 952 |
|
|
|0 0
|1 0
|2 ddc
|4 0
|6 813_010800000000000_BES
|7 0
|9 67382
|a BRACUL
|b BRACUL
|c GEN
|d 2019-12-08
|e Complimentary copy from BIED
|l 2
|m 5
|o 813.0108 BES
|p 3010035672
|r 2024-06-26
|s 2024-06-13
|t 1
|w 2019-12-08
|y BK
|x Transferred from BIED to General Stacks
|